Niezapomniane Jedenastki #36: Anglia 2018 - Statystyki

Ogólne statystyki
  • Ten quiz został rozwiązany 106 razy
  • Średni wynik to 8 z 11
Statystyki odpowiedzi
Pozycja Klub Zawodnik % Poprawnych
BR Everton Jordan Pickford
100%
N Tottenham Harry Kane
97%
ŚO Man City John Stones
91%
ŚO Man City Kyle Walker
88%
ŚP Liverpool Jordan Henderson
81%
ŚPO Tottenham Dele Alli
76%
PO Tottenham Kieran Trippier
74%
N Man City Raheem Sterling
73%
ŚO Leicester Harry Maguire
70%
LO Man United Ashley Young
34%
ŚP Man United Jesse Lingard
28%
Nie znaleziono quizów pasujących do podanych kryteriów
Rozkład punktacji
Procent ludzi z każdym wynikiem
Percentyl według liczby udzielonych odpowiedzi
Twoja historia wyników
Nie rozwiązałeś tego quizu